000 00529nam a2200145 4500
999 _c14672
_d14672
008 191022b ||||| |||| 00| 0 eng d
022 _a03080587
082 _aDPer 420.5 M72 Apr-Oct 2011 v. 20, n. 2-4
100 _940515
_aBuckmaster, Robert.
245 _aThe CEF:
_bwalking 'can do' backwards/
_cRobert Buckmaster.
260 _aChichester, West Sussex:
_bPavilion Publishing,
_c©2011.
300 _av20 n4, pages 5-10:
_bcolor illustrations;
_c30 cm.
650 _aLanguage and languages
_zEuropean.
_940652
942 _2ddc
_cPER